WSZYSTKIE PIOSENKI STRAY KIDS - Statystyki

Ogólne statystyki
  • Ten quiz został rozwiązany 104 razy
  • Średni wynik to 50 z 215
Statystyki odpowiedzi
1-216 ODPOWIEDZI % Poprawnych
23 N/S
90%
183 Chk Chk Boom
69%
172 LALALALA
66%
194 U
61%
107 Maniac
60%
90 Red Lights
60%
120 Case 143
58%
18 YOU
55%
26 MIROH
54%
160 s-class
54%
196 Unfair
54%
55 God's Menu
52%
188 Stray Kids
52%
67 Back Door
51%
83 DOMINO
51%
62 TA
51%
82 Thunderous
51%
184 JJAM
49%
171 MEGAVERSE
49%
185 I like It
48%
199 So Good
48%
1 Hellevator
46%
201 Hold my hand
46%
200 ULTRA
46%
197 HALLUCINATION
45%
198 Youth
45%
81 CHEESE
43%
209 CINEMA
43%
8 District 9
43%
195 Railway
43%
208 ESCAPE
42%
91 Surfin
42%
125 TASTE
42%
192 Walkin On Water
42%
56 Easy
40%
169 Social Path
40%
106 Venom
40%
19 I am YOU
39%
52 TOP
39%
207 Truman
39%
13 WHO
39%
108 Charmer
37%
14 | 51 My Pace
37%
74 ALL IN
36%
150 Drive
36%
182 MOUNTAINS
36%
87 Silent Cry
34%
163 TOPLINE
34%
124 3RACHA
33%
164 DLC
33%
75 | 127 FAM
33%
202 GIANT
33%
132 RUN
33%
80 WOLFGANG
33%
113 CIRCUS
31%
167 FNF
31%
162 Super Bowl
31%
175 Cover Me
30%
110 FREEZE
30%
176 Leave
30%
42 Levanter
28%
9 Mirror
28%
186 Runners
28%
123 Super Board
28%
29 Boxer
27%
34 Side Effects
27%
85 The View
27%
193 Bounce Back
25%
121 CHILL
25%
159 Hall of Fame
25%
143 Maknae On Top
25%
79 Mixtape OH
25%
112 Muddy Water
25%
3 YAYAYA
25%
144 Alien
24%
173 BLIND SPOT
24%
211 Blind Spot
24%
166 Collision
24%
174 COMFLEX
24%
151 ice cream
24%
129 Limbo
24%
93 | 157 Scars
24%
89 Star Lost
24%
152 THE SOUND
24%
187 twilight
24%
168 Youtiful
24%
69 Any
22%
70 Ex
22%
22 Get Cool
22%
165 GET LIT
22%
161 ITEM
22%
109 Lonely
22%
11 ROCK
22%
88 Secret Secret
22%
84 SSICK
22%
27 Victory Song
22%
72 Wow
22%
32 19
21%
205 Christmas Love
21%
128 Connected
21%
133 Deep end
21%
122 Give Me Your TMI
21%
63 Haven
21%
141 I GOT IT
21%
60 Phobia
21%
86 Sorry, I Love You
21%
15 Voices
21%
177 Why
21%
44 Astronaut
19%
31 Chronosaurus
19%
41 Double Knot
19%
190 Falling Up
19%
180 Lose My Breath
19%
136 LoveSTAY
19%
118 Mixtape TIME OUT
19%
204 NIGHT
19%
66 The Tortoise and the Hare
19%
58 Airplane
18%
138 Close
18%
130 DOODLE
18%
57 Pacemaker
18%
16 Question
18%
53 SLUMP
18%
24 0325
16%
10 | 98 Awaken
16%
92 Gone Away
16%
17 M.I.A
16%
71 We Go
16%
12 3rd Eye
15%
145 Because
15%
68 B Me
15%
126 Can't Stop
15%
54 GO LIVE
15%
148 Happy
15%
7 NOT
15%
35 TMT
15%
111 Waiting For Us
15%
96 24 to 25
13%
6 4419
13%
61 Blueprint
13%
170 Butterflies
13%
191 Come Play
13%
155 DLMLU
13%
4 GLOW
13%
135 Hug Me
13%
142 miss you
13%
36 Mixtape#1
13%
37 Mixtape#2
13%
39 Mixtape#4
13%
73 My Universe
13%
5 School Life
13%
134 Stars and Raindrops
13%
40 STOP
13%
137 ZONE
13%
59 Another Day
12%
47 BEWARE
12%
25 Entrance
12%
50 Grow up
12%
119 HEYDAY
12%
38 Mixtape#3
12%
64 Mixtape Gone Days
12%
48 Spread My Wings
12%
139 Streetlight
12%
149 Up All Night
12%
49 Awkward Silence
10%
20 | 102 My Side
10%
45 Sunshine
10%
97 Winter Falls
10%
46 You Can STAY
10%
153 Battle Ground
9%
43 Booster
9%
2 Grrr
9%
21 Hero's Soup
9%
65 Mixtape On Track
9%
76 One Day
9%
189 Slash
9%
147 Wish You Back
9%
115 Your Eyes
9%
181 | 210 Like Magic
7%
99 Placebo
7%
203 Saiyan
7%
158 There
7%
101 Behind The Light
6%
206 Burnin Tries
6%
94 CALL
6%
103 For You
6%
154 Lost ME
6%
156 Novel
6%
146 Piece of a Puzzle
6%
33 Road Not Taken
6%
104 Broken Compass
4%
114 Fairytale
4%
77 Hello Stranger
4%
105 Hoodie Season
3%
215 LALALALA(Rock Ver.)
3%
178 Destiny
1%
214 Chk Chk Boom(Festval Ver.)
0%
95 Chrsitmas EveL
0%
116 | 179 Close to You
0%
216 Giant(Korea Ver)
0%
78 Going Dump
0%
140 i hate to amit
0%
100 Insomina
0%
131 Love Untoled
0%
28 Maze od Memories
0%
117 NO PROBLEM
0%
213 Walkin on Water(Sped Up Ver.)
0%
212 Walkin on Water(Sway Ver.)
0%
Nie znaleziono quizów pasujących do podanych kryteriów
Rozkład punktacji
Procent ludzi z każdym wynikiem
Percentyl według liczby udzielonych odpowiedzi
Twoja historia wyników
Nie rozwiązałeś tego quizu